000 02073nam2a2200277 4500
001 RU\NLR\BIBL_A\022699212
005 20260122103304.0
010 _a978-5-09-129510-8
_bч. 2
_d300
021 _aRU
_bКН-П-25-069940
_9КН-П-25-6769
035 _a(NLR Aleph) 022699212
090 _a13515470
_c13515470
100 _a20260113d2026 e y0rusy50 ca
101 0 _arus
102 _aRU
105 _aac z 000yy
200 0 _aЧ. 2
210 _d2026 (печ. 2025)
215 _a287 с.
_cил., цв. ил., портр.
300 _aКн. содерж. QR-код на доп. информ.
320 _aБиблиогр.: с. 285 (9 назв.)
320 _aДругие кн. авторов на 4-й с. обл.
461 0 _1001RU\NLR\BIBL_A\022697288
_12001#$aМатематика$vЧ. 2
_913533593
_cМосква
_d2026
_e2-е изд., стер.
_fзаслуженный деятель науки РФ, лауреат премии Президента РФ в области образования, доктор педагогических наук, профессор А. Г. Мордкович, почётный работник высшего профессионального образования РФ, доктор физико-математических наук, профессор П. В. Семенов, учитель Л. А. Александрова, кандидат педагогических наук, доцент Е. Л. Мардахаева
_iАлгебра и начала математического анализа
_nПросвещение
_o11 класс : базовый и углубленный уровень : учебное пособие : в соответствии с требованиями Федерального государственного образовательного стандарта среднего общего образования : в двух частях
_tМатематика
_y978-5-09-129508-5
_vЧ. 2
942 _cBOOK
980 _aNB